Geschichte der Töpferei von Hódmezővásárhely (Auszug)

Elmentve itt :
Bibliográfiai részletek
Szerző: Kiss Lajos
Dokumentumtípus: Cikk
Megjelent: 1926
Sorozat:Dolgozatok a Magyar Királyi Ferencz József Tudományegyetem Archaeologiai Intézetéből 2
Kulcsszavak:Hódmezővásárhely, fazekas, gölöncsér
Online Access:http://acta.bibl.u-szeged.hu/50
LEADER 00659nab a2200169 i 4500
001 acta50
005 20210616155623.0
008 161015s1926 hu o 0|| ger d
040 |a SZTE Egyetemi Kiadványok Repozitórium  |b hun 
041 |a ger 
100 1 |a Kiss Lajos 
245 1 0 |a Geschichte der Töpferei von Hódmezővásárhely (Auszug)  |h [elektronikus dokumentum] /  |c  Kiss Lajos 
260 |c 1926 
300 |a 209 
490 0 |a Dolgozatok a Magyar Királyi Ferencz József Tudományegyetem Archaeologiai Intézetéből  |v 2 
695 |a Hódmezővásárhely, fazekas, gölöncsér 
856 4 0 |u http://acta.bibl.u-szeged.hu/50/1/dolgozatok_1926_209.pdf  |z Dokumentum-elérés